Co je v hlavě, to se neztratí
Charakteristické rysy vedomostnej ekonomiky. Význam a ciele plánu eEurope+ 2003 pre kandidátske krajiny. Úroveň pripravenosti kandidátskych krajín na vedomostnú ekonomiku. Charakteristika vedomostí v budúcej spoločnosti podľa Peter Druckera a jeho prognózy obrazu firiem, pracovnej sily a priemyslu v...
Gespeichert in:
| 1. Verfasser: | |
|---|---|
| Format: | Buchkapitel |
| Sprache: | Tschechisch |
| Schlagworte: | |
| Tags: |
Keine Tags, Fügen Sie das erste Tag hinzu!
|
MARC
| LEADER | 00000naa a2200000 4500 | ||
|---|---|---|---|
| 001 | r044500 | ||
| 005 | 20231004070259.2 | ||
| 041 | 0 | |a cze | |
| 044 | |a CZ | ||
| 245 | 1 | 0 | |a Co je v hlavě, to se neztratí |c Michal Nosek |
| 520 | |a Charakteristické rysy vedomostnej ekonomiky. Význam a ciele plánu eEurope+ 2003 pre kandidátske krajiny. Úroveň pripravenosti kandidátskych krajín na vedomostnú ekonomiku. Charakteristika vedomostí v budúcej spoločnosti podľa Peter Druckera a jeho prognózy obrazu firiem, pracovnej sily a priemyslu v budúcnosti. Budovanie vedomostnej ekonomiky v Kórei. | ||
| 610 | 2 | 0 | |a ekonomika vedomostná |
| 610 | 2 | 0 | |a pracovníci vedeckí |
| 610 | 2 | 0 | |a prognózy |
| 610 | 2 | 0 | |a Česko |
| 610 | 2 | 0 | |a Kórea |
| 610 | 2 | 0 | |a SVE |
| 610 | 2 | 0 | |a spoločnosť informačná |
| 100 | 1 | |a Nosek, Michal | |